• 首页
  • 本馆介绍
  • 公告通知
  • 最新文献
  • 馆藏检索
  • 电子资源
  • 读者导购
  • 参考咨询
  • 我的图书馆
  • 登录
  • 详细信息显示
  • 放入我的书架
  • 预约/预借图书
  • 作者相关作品
  • 分类相关作品
  • 丛书相关作品
  • 出版社相关作品

书目信息

  • 表格格式
  • 工作单格式
  • 卡片格式
题名:
土地利用/覆盖与生态资产测量
    
 
作者: 史培军 著
分册:  
出版信息: 北京   科学出版社  2009.05
页数: 225页
开本: 26cm
丛书名:
单 册:
中图分类: F321.1 , Q14
科图分类:
主题词: 土地利用--研究--中国 , 土地--覆盖--研究--中国 , 生态学--研究--中国 , 土地利用 , 土地 , 覆盖 , 生态学
电子资源:
ISBN: 978-7-03-024688-2
000 01040nam0 2200313 450
001 010010025863
005 20091208153750.68
010    @a978-7-03-024688-2@dCNY45.00
100    @a20090714d2009 em y0chiy0110 ea
101 0  @achi
102    @aCN@b110000
105    @aabk z 000yy
106    @ar
200 1  @a土地利用/覆盖与生态资产测量@9tu di li yong / fu gai yu sheng tai zi chan ce liang@f史培军[等]著
210    @a北京@c科学出版社@d2009.05
215    @a225页@c图,地图@d26cm
330    @a本书以土地利用/覆盖与生态资产测量研究为基础,全面总结了生态资产的国内外研究进展、绿色GDP核算理论和实践现状,深入论述了生态资产测量的理论基础、生态系统服务功能与生态资产测量的主要方法等。
606 0  @a土地利用@x研究@y中国
606 0  @a土地@x覆盖@x研究@y中国
606 0  @a生态学@x研究@y中国
606 0  @a土地利用
606 0  @a土地
606 0  @a覆盖
606 0  @a生态学
690    @aF321.1@v4
690    @aQ14@v4
701  0 @a史培军@9shi pei jun@4著
801  0 @aCN@bRENTIAN@c20091208
905    @b20795535-39@dF321.1@e114@f5
    
    土地利用/覆盖与生态资产测量/史培军[等]著.-北京:科学出版社,2009.05
    225页:图,地图;26cm
    
    
    ISBN 978-7-03-024688-2:CNY45.00
    本书以土地利用/覆盖与生态资产测量研究为基础,全面总结了生态资产的国内外研究进展、绿色GDP核算理论和实践现状,深入论述了生态资产测量的理论基础、生态系统服务功能与生态资产测量的主要方法等。
●
相关链接 在E读中查询图书 在五车中查询图书 在当当中查询图书 在豆瓣中查询图书


正题名:土地利用/覆盖与生态资产测量     索取号:F321.1/114         预约/预借

序号 登录号 条形码 馆藏地/架位号 状态 备注
1 795535   207955355   第一样本阅览室/ [索取号:F321.1/114] 在馆    
2 795536   207955364   第一借阅区/ [索取号:F321.1/114] 在馆    
3 795537   207955373   第一借阅区/ [索取号:F321.1/114] 在馆    
4 795538   207955382   第一借阅区/ [索取号:F321.1/114] 在馆    
5 795539   207955391   密集书库-资源管理系/ [索取号:F321.1/114] 在馆    
唐山师范学院图书馆 欢迎您!
大连网信软件有限公司© 版权所有